| 000 | 01465cam a2200373 i 4500 | ||
|---|---|---|---|
| 999 |
_c59544 _d59544 |
||
| 001 | 59544 | ||
| 003 | Mx-PuUPA | ||
| 005 | 20240410104056.0 | ||
| 008 | 140415s2000 mx a fr 001 0 spa d | ||
| 020 | _a9686899006 | ||
| 040 |
_aMx-PuUPA _bspa _cMx-PuUPA _dMx-PuUPA _erda |
||
| 041 | 1 |
_aspa _heng |
|
| 240 | 0 | 0 |
_aOrban's Oral histology embiology. _lEspañol |
| 245 | 1 | 0 |
_aHistología y embriología bucal de Orban / _cS. N. Bhaskar ; colaboradores, Gary C. Armitage, Baldev Raj Bhussry [y otros doce] ; traducción, Carlos A. Espinoza García |
| 250 | _aOnceava edición | ||
| 264 | 4 |
_aMéxico, D.F. : _bEditorial Prado, _c©2000 |
|
| 300 |
_aix, 489 páginas : _bilustraciones ; _c23 cm. |
||
| 336 |
_atexto _2rdacontent _btxt |
||
| 337 |
_asin medio _2rdamedia _bn |
||
| 338 |
_avolumen _2rdacarrier _bnc |
||
| 650 | 4 | _aMaxilares | |
| 650 | 4 | _aGlándulas salivales | |
| 650 | 4 |
_aDientes _xtratamiento médico |
|
| 700 | 1 |
_aBhaskar,m S. N., _ecolaborador _eeditor |
|
| 700 | 1 |
_aArmitage, Gary C., _ecolaborador |
|
| 700 | 1 |
_aAvery, James K., _ecolaborador |
|
| 700 | 1 |
_aBhussry, Baldev Raj, _ecolaborador |
|
| 700 | 1 |
_aEspinoza García, Carlos A., _etraductor |
|
| 765 | 1 | 8 |
_aBhaskar,m S. N., _bOnceava edición _dSt. Louis, Missouri : Mosby - Year Book, [Fecha de publicación no identificada]. _tOrban's Oral Histology Embriology |
| 942 |
_2ddc _cLI _h612.31 _iH673 |
||